Представление документа в формате RUSMARC

ПолеНазваниеЗначение
  Тип записи a
  Библиографический уровень m
001 Контрольный номер bdaa458edf36497b8b932bd0463d97ca
005 Дата корректировки 20201206205151.9
010 Индекс ISBN __
a ISBN 978-5-04-092310-6 (в пер.)
d Цена 253-00, 4000 экз.
100 Данные общей обработки __
a Данные общей обработки 19181205d2018||||||| 0rusy0189 ca
101 Язык документа 0_
a Язык текста rus
102 Страна публикации __
a Страна публикации RU|
102 Страна публикации __
a Страна публикации RU
105 Кодированные данные (монография) __
a Кодированные данные (монография) |||||||||01zy
200 Заглавие и сведения об ответственности 1_
a Заглавие Паиньки тоже бунтуют
e Сведения, относящиеся к заглавию [роман]
f Первые сведения об ответственности Татьяна Тронина
b Общее обозначение материала Текст
210 Выходные данные __
a Место издания Москва
c Издательство Э
d Дата издания 2018
215 Физическое описание __
a Объем 301, [1] с.
d Формат 21 см
225 Серия __
a Серия Нити любви. Романы Татьяны Трониной
330 Аннотация __
a Аннотация Лида Савельева, что называется, хорошая девочка и для друзей, и для коллег, и для своего возлюбленного Артема. Вот только Алексей, жених лучшей подруги, свою знакомую таковой не считает. И все же, несмотря на колючий характер Леши, Лида старается быть с ним приветливой. Но однажды терпению девушки приходит конец, и она изменяет свое поведение. А вместе с тем открываются и неприятные тайны ближайшего окружения. Так ли честен с Лидой Артем? Что стоит за навязчивой заботой подруги? И почему Алексей ненавидит Лиду.
333 Примечание о целевом назначении __
a Примечание о целевом назначении 16+. Для детей старше 16 лет
606 Тематические рубрики __
a Основная рубрика Художественная литература
606 Тематические рубрики __
a Основная рубрика Современная русская литература (произведения)
610 Ключевые слова __
a Ключевые слова женская проза
610 Ключевые слова __
a Ключевые слова женские романы
610 Ключевые слова __
a Ключевые слова тема взаимоотношений
610 Ключевые слова __
a Ключевые слова проза
610 Ключевые слова __
a Ключевые слова романы
610 Ключевые слова __
a Ключевые слова тема девушек
610 Ключевые слова __
a Ключевые слова тема разоблачения
610 Ключевые слова __
a Ключевые слова тема друзей
686 Индексы других классификаций __
2 Код системы rubbks
a Классификационный индекс 84(2=411.2)6-4; ст84(2Рос=Рус)6-4
700 Автор _1
a Фамилия Тронина
b Имя Т. М.
g Полное личное имя Татьяна Михайловна
4 Код отношения 070
801 Источник записи _0
a Страна RU
b Организация Муниципальное бюджетное учреждение культуры "Централизованная библиотечная система" г. Сургут (Центральная городская библиотека им. А. С. Пушкина)
c Дата составления 20181205
g Правила каталогизации PSBO
801 Источник записи _1
a Страна RU
b Организация Муниципальное бюджетное учреждение культуры "Централизованная библиотечная система" г. Сургут (Центральная городская библиотека им. А. С. Пушкина)
c Дата составления 20181205
g Правила каталогизации PSBO
852 Данные о местонахождении __
j Шифр хранения 84(2=411.2)6-4
i Авторский знак Т 73
901 Тип документа __
t Тип документа m
a Ответственный ООФиК/Волкова
903 Характеристики (МАРС) __
a Дата передачи 20181205
990 Данные о заказе (DOS) __
j Количество экземпляров (DOS) 6
t N записи в КСУ для И/У (DOS) 201811